00855nam a2200265 a 450000100060000000300090000600500170001500600090003200800410004101500120008201700510009402000180014503500210016304000280018408000210021208200230023310000270025624501230028325000100040626000550041630000280047149000180049965000380051770000340055525967CO-ViMGA20230915232141.0a4774953141112s2004 ck r 000 u spa d aMON1007 aM 18346 - 2010 Oficina Depósito Legal Madrid a9788473566902 a(OCoLC)672588371 aCO-ViMGAbspacCO-ViMGA aMEVIGAPOR.738.5204aMEVIGAPOR.738 O72s1 aOrense Fuentes, Miguel10aSEO : bcómo triunfar en buscadores / cMiguel Orense Fuentes, con la colaboración de Octavio Isaac Rojas Orduña a2 ed. aPozuelo de Alarcón, cMadrid ESIC Editorial 2010 a331 p. il., graf. 22 cm aDivulgación14aBuscadores de Internet - Manuales1 aRojas Orduña, Octavio Isaac